• 首页
  • 本馆介绍
  • 公告通知
  • 最新文献
  • 馆藏检索
  • 电子资源
  • 读者导购
  • 参考咨询
  • 我的图书馆
  • 登录
  • 详细信息显示
  • 放入我的书架
  • 预约/预借图书
  • 作者相关作品
  • 分类相关作品
  • 丛书相关作品
  • 出版社相关作品

书目信息

  • 表格格式
  • 工作单格式
  • 卡片格式
题名:
两普史通俗演义 上下册
    
 
作者: 蔡东藩
分册:  
出版信息:   浙江人民出版社  1982.01
页数: 949页
开本: 32开
丛书名:
单 册:
中图分类: I242.4
科图分类:
主题词: 小说--中国
电子资源:
ISBN:
000 00521nam0 2200181 45
001 9911301546
005 19991130154306.2
010    @d3.10
100    @a19991130d1982 km y0chiy0120 ea
101    @achi
105    @a z 000yy
200 1  @a两普史通俗演义 上下册@ALiang Pu Shi Tong Su Yan Yi Shang Xia Ce@f蔡东藩@FCai Dong Fan
210    @c浙江人民出版社@d1982.01
215    @a949页@c无图表@d32开
606 0  @a小说@x中国
690    @aI242.4@v3
801    @aCN@bPerfectUser@c19991130
905    @aBZT@b22869-870@f2@dI242.4@e10
    
    两普史通俗演义 上下册/蔡东藩.-浙江人民出版社,1982.01
    949页:无图表;32开
    
    
    ISBN :3.10
    
●
相关链接 在五车中查询图书 在当当中查询图书 在豆瓣中查询图书


正题名:两普史通俗演义 上下册     索取号:I242.4/10         预约/预借

序号 登录号 条形码 馆藏地/架位号 状态 备注
1 22869   200213241   中心书库中库/打包BH1537/ [索取号:I242.4/10] 在馆    
2 22870   200213214   中心书库中库/打包BH1241/ [索取号:I242.4/10] 在馆    
山东省滨州职业学院图书馆 欢迎您!
大连网信软件有限公司© 版权所有